000
00179nam a2200085 4500
001
1257143
005
20260203100519.0
245
_a
EZOP'TAN MASALLAR
_c
EZOP
260
_b
KÜLTÜR A.Ş.
999
_c
1257143
_d
1257143